000 00857nam2a22002291 4500
001 rc\282487
005 20250612170149.0
035 _a(NLR Aleph) 008740563
090 _a9530108
_c9530108
100 _a20030307d1990 |||y0rusy50 ca
101 0 _arus
102 _aRU
105 _ay |||||||||
200 0 _aЧ. 1
210 _d1990 (1991)
_aБ. м.
215 _a270, [2] с.
461 0 _1001rc\282486
_12001#$aРусская литература XX века$eМатериалы для вып. класса$fСост. Меркин Г.С.$vЧ. 1
_99561222
_cСмоленск
_d1990-
_fСост. Меркин Г.С.
_nТПЦ "Трион"
_oМатериалы для вып. класса
_tРусская литература XX века
_vЧ. 1
801 0 _aRU
_bNLR
_gpsbo
801 1 _aRU
_bELAR
_2rusmarc
852 _aNLR
_j91-3/1691
942 _cBOOK
980 _aNB